01714nam a2200433 i 450000100060000000300080000600500170001400600190003100700150005000800410006502000270010602000280013303500220016104000310018305000250021408000140023908200150025310000420026824501270031026400770043730000570051433600310057133700330060233800430063549000510067850000220072950400420075158800830079365000360087665000350091265000420094765000380098965000390102765000360106665000360110265500270113883000520116585600630121747835FINmELB20241216231910.0m o d | cr cnu||||||||230301s2021 ck a ob 001 0 spa d a9789585478596q(print) a9789585478602q(e-book) a(OCoLC)1373952342 aFINmELBbspaerdacFINmELB 4aLB1139.23bG569 2021 a373.2.01604a372.212231 aGómez Romero, Ana Dolores,eautora.10aTransformar la vida de las infancias desde las escuelas :beducación para la paz y la resiliencia /cAna Gómez Romero. 1aBogotá, Colombia :bFundación Universitaria Los Libertadores,c2021. a1 recurso en línea (82 páginas) :bilustraciones atextobtxt2rdacontent/spa acomputadorabc2rdamedia/spa arecurso en líneabcr2rdacarrier/spa1 aColección Investigación. Serie Educación aIncluye índice. aIncluye referencias bibliográficas. aDescripción basada en metadatos suministrados por el editor y otras fuentes. 4aCartografía Socialzcolombia. 4aDesarrollo InfantilzColombia. 4aDesigualdad en La InfanciazColombia. 4aEducación de NiñoszColombia. 4aEducación Para La PazzColombia. 4aEducación PrimariazColombia. 4aPedagogía CorporalzColombia. 4aLibros electrónicos. 0aColección Investigación. Serie Educación.40uhttps://elibro.net/ereader/politecnicointernacional/222343